000 00900cam a2200289Ki 4500
001 9147157
005 20251204084507.0
008 830120s1980 ii ab 000 0beng d
035 _a(OCoLC)ocm09147157
035 _a473140
040 _aOKO
_beng
_erda
_cOKO
049 _aPTSS
100 1 _aStacey, Vivienne.
245 1 0 _aLife of Henry Martyn /
_cVivienne Stacey.
250 _aFirst edition.
264 1 _aHyderabad [India] :
_bHenry Martyn Institute of Islamic Studies,
_cc1980.
300 _a89 pages :
_billustrations, maps ;
_c18 cm.
336 _atext
_btxt
_2rdacontent.
337 _aunmediated
_bn
_2rdamedia.
338 _avolume
_bnc
_2rdacarrier.
500 _aBibliography: p. [86]-89.
600 1 0 _aMartyn, Henry,
_d1781-1812.
650 0 _aMissionaries
_zIndia
_vBiography.
650 0 _aMissionaries
_zIran
_vBiography.
655 7 _aBiographies.
_2lcgft.
942 _2lcc
_cBK
999 _c54946
_d54946